000 00510nam a2200193Ia 4500
008 170918s9999 xx 000 0 und d
020 _a9780545569910
050 _bR815 2012
100 _aRosenstock, Barb
245 4 _aThe camping trip that changed America :
245 _bTheodore Roosenvelt, John Muir, and our National Parks.
260 _aNew York :
260 _bScholastic,
260 _c2012
300 _aunpaged :
300 _bcolored illustration ;
300 _c28cm.
500 _a740
999 _c341945
_d341945